Scheck-Konfernz Bericht der mitteleuropäischen Wirtschaftsfereine in Deutschland, Ostereich und Ungarn

Na minha lista:
Detalhes bibliográficos
Formato: Livro
Idioma:alemão
Publicado em: Berlin Puttkammer Muhlbrecht 1908
Tags: Adicionar Tag
Sem tags, seja o primeiro a adicionar uma tag!

MARC

LEADER 00000nam a2200000 4500
001 0302974
005 20240708090254.2
041 0 |a ger 
044 |a DE 
245 1 0 |a Scheck-Konfernz  |b Bericht der mitteleuropäischen Wirtschaftsfereine in Deutschland, Ostereich und Ungarn 
264 1 |a Berlin  |b Puttkammer Muhlbrecht  |c 1908